| 000 | 00682nam a2200205 u 4500 | ||
|---|---|---|---|
| 005 | 20230512063703.0 | ||
| 008 | 071010s1995 mx r 000 0 spa d | ||
| 020 | _a9682987377 | ||
| 035 | _aUPN01000152817 | ||
| 049 | _aCG | ||
| 050 | 4 |
_aF1386 _bC5.8 |
|
| 245 | 0 | 3 |
_aLa Ciudad de México : _bantología de lecturas : siglos XVI-XX / _ccomp. y notas de Hira de Gortari Rabiela. |
| 260 |
_aMéxico : _bSEP, _cc1995. |
||
| 300 |
_a158 p. : _bil. |
||
| 440 | 0 | _aBiblioteca para la actualización del maestro | |
| 651 | 4 |
_aMEXICO (CIUDAD) - _xHISTORIA |
|
| 651 | 2 |
_aCiudad de México _xVida social y costumbres _927390 |
|
| 700 | 1 |
_aGortari Rabiela, Hira de, _ecomp. |
|
| 905 | _aLibro | ||
| 999 |
_c124940 _d124940 |
||